DAVID GUETTA's Songs - Statistics

General Stats
  • This quiz has been taken 98 times
    90 since last reset
  • The average score is 8 of 20
Answer Stats
Picture Hint Answer % Correct
feat. Sia TITANIUM : 1.6Mds de vues
100%
feat. Kid Cudi MEMORIES : 480M de vues
68%
feat. Showtek, Vassy BAD : 1Mds de vues
64%
feat. Nicki Minaj, Bebe Rexha & Afrojack HEY MAMA : 1.5Mds de vues
63%
feat. Bebe Rexha I'M GOOD (BLUE) : 380M de vues
63%
feat. Ne-Yo, Akon PLAY HARD : 1.1Mds de vues
59%
feat. Zara Larsson THIS ONE'S FOR YOU : 307M de vues
45%
feat. Snnop Dogg SWEAT : 232M de vues
38%
feat. Bebe Rexha & J Balvin SAY MY NAME : 938M de vues
37%
feat. Usher WITHOUT YOU : 399M de vues
37%
feat. Sia SHE WOLF : 554M de vues
35%
feat. Justin Bieber 2U : 501Mde vues
32%
feat. Nicky Minaj, Flo Rida WHERE THEM GIRL AT :346M de vues
32%
feat. Skylar Grey SHOT ME DOWN : 567M de vues
31%
feat. Nicky Minaj TURN ME ON : 385M de vues
31%
feat. Flo Rida CLUB CAN'T HANDLE ME : 429M de vues
27%
feat. Chris Willis, Fergie, LMFAO GETTIN' OVER YOU : 260M de vues
19%
feat. Taio Cruz, Ludacris LIITLE BAD GIRL : 224M de vues
15%
feat. Sean Paul, Becky G MAD LOVE : 307M de vues
14%
feat. Martin Garrix, Jamie Scott & Romy Dya SO FAR AWAY : 254M de vues
14%
No matching quizzes found
Score Distribution
Percent of People with Each Score
Percentile by Number Answered
Your Score History
You have not taken this quiz since the last reset